The Plain question upon the present dispute with our American Colonies[.].

Bibliographic Details
Corporate Author: Gale (Firm)
Format: eBook
Language:English
Edition:The fourth edition.
Subjects:
Online Access:Connect to the full text of this electronic book

MARC

Tag First Indicator Second Indicator Subfields
LEADER 00000cam a2200000 4500
001 in00003843521
005 20190415183328.0
006 m o d
007 cr |n||||||||n
008 890503s1776 enk|||| o 00||||eng c
035 |a (CU-RivES)N38351 
035 |a (Uk-ES)006031002 
035 |a (OCoLC)508191004 
040 |a CU-RivES  |c CU-RivES  |d CU-RivES  |d CStRLIN  |d CU-RivES  |d Cengage Gale  |d UtOrBLW 
050 4 |a AC4  |b .T447 1776 
245 0 4 |a The Plain question upon the present dispute with our American Colonies[.]. 
250 |a The fourth edition. 
264 3 |a Nottingham :  |b Printed by Samuel Creswell,  |c M,DCC,LXXVI. [1776] 
300 |a 1 online resource (24 pages)  
336 |a text  |b txt  |2 rdacontent 
337 |a computer  |b c  |2 rdamedia 
338 |a online resource  |b cr  |2 rdacarrier 
500 |a Price on title page: Price Two Pence. 
510 4 |a Adams,  |c 76-112d 
510 4 |a English Short Title Catalog,  |c N38351. 
500 |a Reproduction of original from University of London's Goldsmiths' Library. 
500 |a Electronic resource. 
651 0 |a United States  |x Politics and government  |y 1775-1783.  |0 http://id.loc.gov/authorities/subjects/sh85140413 
655 7 |a Electronic books.  |2 local 
710 2 |a Gale (Firm)  |0 http://id.loc.gov/authorities/names/no2008071348 
752 |a Great Britain  |b England  |d London. 
856 4 0 |u http://proxy.library.tamu.edu/login?url=http://find.galegroup.com/ecco/infomark.do?contentSet=ECCOArticles&docType=ECCOArticles&bookId=1612800400&type=getFullCitation&tabID=T001&prodId=ECCO&docLevel=TEXT_GRAPHICS&version=1.0&source=library&userGroupName=txshracd2898  |z Connect to the full text of this electronic book  |t 0 
999 f f |s 840bc66b-a6a9-3729-9e69-70fa5a1c43fb  |i 5beeb82d-a79d-302f-8a7c-ce04f5b6d144  |t 0 
952 f f |a Texas A&M University  |b College Station  |c Electronic Resources  |d Available Online  |t 0  |e AC4 .T447 1776  |h Library of Congress classification 
998 f f |a AC4 .T447 1776  |t 0  |l Available Online